<?xml version="1.0" encoding="UTF-8"?><?xml-stylesheet type="text/xsl" href="static/style.xsl"?><OAI-PMH xmlns="http://www.openarchives.org/OAI/2.0/" xmlns:xsi="http://www.w3.org/2001/XMLSchema-instance" xsi:schemaLocation="http://www.openarchives.org/OAI/2.0/ http://www.openarchives.org/OAI/2.0/OAI-PMH.xsd"><responseDate>2026-04-17T20:10:50Z</responseDate><request verb="GetRecord" identifier="oai:riubu.ubu.es:10259/9232" metadataPrefix="marc">https://riubu.ubu.es/oai/request</request><GetRecord><record><header><identifier>oai:riubu.ubu.es:10259/9232</identifier><datestamp>2024-06-11T22:01:07Z</datestamp><setSpec>com_10259_2699</setSpec><setSpec>col_10259_2727</setSpec></header><metadata><record xmlns="http://www.loc.gov/MARC21/slim" xmlns:doc="http://www.lyncode.com/xoai" xmlns:xsi="http://www.w3.org/2001/XMLSchema-instance" xmlns:dcterms="http://purl.org/dc/terms/" xsi:schemaLocation="http://www.loc.gov/MARC21/slim http://www.loc.gov/standards/marcxml/schema/MARC21slim.xsd">
<leader>00925njm 22002777a 4500</leader>
<datafield tag="042" ind1=" " ind2=" ">
<subfield code="a">dc</subfield>
</datafield>
<datafield tag="720" ind1=" " ind2=" ">
<subfield code="a">Gómez Ayuso, Javier</subfield>
<subfield code="e">author</subfield>
</datafield>
<datafield tag="260" ind1=" " ind2=" ">
<subfield code="c">2024</subfield>
</datafield>
<datafield tag="520" ind1=" " ind2=" ">
<subfield code="a">En la Tesis Doctoral Síntesis de heterociclos nitrogenados complejos mediante secuencias Ugi/reacciones de post-condensación radicalarias y/o polares, se describe la síntesis de compuestos heterocíclicos nitrogenados que poseen estructuras complejas, muchas de ellas estructuras privilegiadas, ampliamente utilizadas en la industria farmacéutica, como son las lactamas o las hidantoínas. Habitualmente, la síntesis de muchos de estos compuestos requiere de numerosas etapas, lo que las hace poco atractivas para la industria. En este trabajo, mediante el empleo de reacciones multicomponente como la reacción de Ugi, seguidas de reacciones de post-condensación radicalarias o polares se ha logrado obtener estos heterociclos complejos en tan solo dos etapas de reacción, con elevado rendimiento y utilizando condiciones de reacción suaves. Además, en algunos casos, se ha logrado la síntesis enantioselectiva de estos productos mediante este procedimiento sintético.</subfield>
</datafield>
<datafield tag="520" ind1=" " ind2=" ">
<subfield code="a">In the Phd thesis Synthesis of complex nitrogenous heterocycles by Ugi sequences/ radical and/or polar post-condensation reactions, the synthesis of heterocyclic nitrogenous compounds with complex structures, many of them privileged structures, widely used in the pharmaceutical industry, such as lactams or hydantoins, is described. Usually, the synthesis of many of these compounds requires numerous steps, which makes them unattractive for the industry. In this work, by using multicomponent reactions such as the Ugi reaction, followed by radical or polar post-condensation reactions, it has been possible to obtain these complex heterocycles in only two reaction steps, with high yields and using mild reaction conditions. Moreover, in some cases, enantioselective synthesis of these products has been achieved employing this synthetic procedure.</subfield>
</datafield>
<datafield tag="024" ind2=" " ind1="8">
<subfield code="a">http://hdl.handle.net/10259/9232</subfield>
</datafield>
<datafield tag="024" ind2=" " ind1="8">
<subfield code="a">10.36443/10259/9232</subfield>
</datafield>
<datafield ind1=" " ind2=" " tag="653">
<subfield code="a">Reacciones multicomponente</subfield>
</datafield>
<datafield ind1=" " ind2=" " tag="653">
<subfield code="a">Reacciones radicalarias</subfield>
</datafield>
<datafield ind1=" " ind2=" " tag="653">
<subfield code="a">Catálisis</subfield>
</datafield>
<datafield ind1=" " ind2=" " tag="653">
<subfield code="a">Heterociclos nitrogenados</subfield>
</datafield>
<datafield ind1=" " ind2=" " tag="653">
<subfield code="a">Reacciones post-Ugi</subfield>
</datafield>
<datafield ind1=" " ind2=" " tag="653">
<subfield code="a">Multicomponent reactions</subfield>
</datafield>
<datafield ind1=" " ind2=" " tag="653">
<subfield code="a">Radical reactions</subfield>
</datafield>
<datafield ind1=" " ind2=" " tag="653">
<subfield code="a">Catalysis</subfield>
</datafield>
<datafield ind1=" " ind2=" " tag="653">
<subfield code="a">Nitrogenous heterocycles</subfield>
</datafield>
<datafield ind1=" " ind2=" " tag="653">
<subfield code="a">Post-Ugi reactions</subfield>
</datafield>
<datafield tag="245" ind1="0" ind2="0">
<subfield code="a">Síntesis de heterociclos nitrogenados complejos mediante secuencias Ugi/reacciones de post-condensación radicalarias y/o polares</subfield>
</datafield>
</record></metadata></record></GetRecord></OAI-PMH>